Ten pes má strach /

Vyprávění o psovi Benovi dětem přináší napínavý příběh tak akorát dlouhý, aby si ho mohly přečíst úplně samy. Pes Ben a jeho nová kamarádka myš Šiš společně pátrají po tom, kdo v noci dělá ty hlasité zvuky a proč.

Uloženo v:
Hlavní autor: Staňková, Vladimíra, 1987- (Autor)
Další autoři: Korbelářová, Adéla (Autor)
Médium: Kniha
Jazyk:Czech
Vydáno: Praze : Dobrovský s.r.o., 2026
Edice:Drobek
Dráčkovo první čtení
Témata:
Celkem bylo vypůjčeno:0x
Tagy:
Žádné tagy
LEADER 02396nam a2200469 i 4500
001 106464
003 CZ PrNK
005 20260603111942.0
007 ta
008 260522s2026 xr a a 000 j cze
015 |a cnb003759769 
020 |a 9788027764402  |q (vázáno) :  |c Kč 329,00 
040 |a ABG001  |b cze  |e rda 
072 7 |a 821.162.3-3  |x Česká próza  |2 Konspekt  |9 25 
072 7 |a 821-93  |x Literatura pro děti a mládež (beletrie)  |2 Konspekt  |9 26 
080 |a 821.162.3-32  |2 MRF 
080 |a 821-93  |2 MRF 
080 |a (0:82-32)  |2 MRF 
100 1 |a Staňková, Vladimíra,  |d 1987-  |7 av20181011653  |4 aut  |9 113871 
245 1 0 |a Ten pes má strach /  |c napsala Vladimíra Staňkovám ; ilustrovala Adéla Korbelářová 
264 1 |a Praze :  |b Dobrovský s.r.o.,  |c 2026 
300 |a 68 stran, 20 nečíslovaných stran :  |b barevné ilustrace ;  |c 20 cm 
336 |a text  |b txt  |2 rdacontent 
337 |a bez média  |b n  |2 rdamedia 
338 |a svazek  |b nc  |2 rdacarrier 
490 1 |a Drobek 
490 1 |a Dráčkovo první čtení 
500 |a Na hřbetu knihy uvedeno: GM 
520 2 |a Vyprávění o psovi Benovi dětem přináší napínavý příběh tak akorát dlouhý, aby si ho mohly přečíst úplně samy. Pes Ben a jeho nová kamarádka myš Šiš společně pátrají po tom, kdo v noci dělá ty hlasité zvuky a proč.  |b Text je určen začínajícím čtenářům a respektuje zásady genetické metody výuky čtení, při němž se neslabikuje. Děti se zprvu učí jen velká tiskací písmena, která hláskují. Proto je příběh o psovi Benovi nejprve složený z jednoslabičných slov. Jeho putování po třech jednoslabičných kapitolách přejde na dvojslabičná a nakonec troj– a čtyřslabičná slova. Nakladatelská anotace. Kráceno. 
521 8 |a Pro děti od 5 let 
655 7 |a české příběhy  |7 fd133973  |2 czenas  |9 54030 
655 7 |a publikace pro děti  |7 fd133156  |2 czenas  |9 23 
655 9 |a Czech stories  |2 eczenas 
655 9 |a children's literature  |2 eczenas 
700 1 |a Korbelářová, Adéla  |7 xx0271271  |4 ill  |9 115883 
710 2 |a Dobrovský (firma)  |7 olak2017946581  |4 pbl  |9 117120 
830 0 |a Drobek 
830 0 |a Dráčkovo první čtení 
910 |a UOG502 
942 |2 ddc  |c KN 
999 |d 106464 
993 |0 0  |1 421180107181  |2 ddc  |4 0  |6 M  |7 0  |9 99900  |b 0  |c 107181  |d 2026-06-03  |e 0  |f M  |g M  |h 329.00  |i Koupě  |l M  |r 2026-06-03  |t 8  |w 2026-06-03  |y KN  |z BELET  |n